| 000 | 00694nam a2200229Ia 4500 | ||
|---|---|---|---|
| 003 | GCL | ||
| 008 | 140319s9999 xx 000 0 ara d | ||
| 040 |
_aGCL / _cGCL |
||
| 082 | 0 | 4 |
_a616.39 _bه غ |
| 100 | 1 | _aجايلورد هوزر | |
| 245 | 1 | 0 |
_aالغذاء يصنع المعجزات ماذا ناكل وماذا يجب ان ناكل / _cجايلورد هوزر |
| 700 | 1 | _aاحمد قدامة | |
| 260 |
_a[S.N] : _bدار النفائس للطباعة والنشر ، _c1991 |
||
| 300 | _a333 ص | ||
| 490 | _a | ||
| 650 | 0 | 4 | _aامراض |
| 650 | 0 | 4 | _aالتغذية |
| 650 | 0 | 4 | _aالصحة |
| 650 | 0 | 4 | _aالرجيم |
| 650 | 0 | 4 | _aالفيتامينات |
| 942 |
_2ddc _cBK |
||
| 999 |
_c54529 _d54529 |
||